| 000 | 01117nam a2200301 i 4500 | ||
|---|---|---|---|
| 003 | EG-ScBUE | ||
| 005 | 20230913104736.0 | ||
| 008 | 100715s1998 u o f 000 0 ara d | ||
| 017 | _a1998 / 2265 | ||
| 020 | _a977270398X | ||
| 040 |
_aEG-ScBUE _bara _erda _cEG-ScBUE _dEG-ScBUE |
||
| 043 | _af-ua--- | ||
| 082 | 0 | 4 |
_222 _a920.062 _bش ل ب |
| 100 | 1 |
_916330 _aشلبي، خيري، _eمؤلف. |
|
| 245 | 1 | 0 |
_aأعيان مصر : _bوجوه مصرية معاصرة / _cخيري شلبي. |
| 250 | _aالطبعة الأولى. | ||
| 264 | 1 |
_aالقاهرة : _bالدار المصرية اللبنانية، _c1998. |
|
| 300 |
_a282 صفحة : _bصور ؛ _c24 سم |
||
| 336 |
_2rdacontent _aنص _btxt |
||
| 337 |
_2rdamedia _aبدون وسيط _bn |
||
| 338 |
_2rdacarrier _aمجلد _bnc |
||
| 541 |
_aألف باء ؛ _cشراء ؛ |
||
| 650 | 7 |
_98005 _aالفنانون المصريون _vتراجم. _2BUEsh |
|
| 650 | 7 |
_911526 _aالأدباء المصريون _vتراجم. _2BUEsh |
|
| 650 | 7 |
_916331 _aالفقهاء المسلمون _vتراجم. _2BUEsh |
|
| 655 | _vReading book | ||
| 942 |
_2ddc _cBB |
||
| 999 |
_c14488 _d14488 |
||